000 01028nam0a2200289 4500
001 RU\NLR\BIBL_A\022773923
005 20260409004030.0
010 _94000
035 _a(NLR Aleph) 022773923
090 _a13651913
_c13651913
100 _a20260402d1971 m y0rusy50 ca
101 0 _atyv
102 _aRU
105 _ac z 000 y
181 0 _ai
_baxxe
182 0 _an
200 1 _aХайыраканчылар
_eБоттуг амыдыралдың чурумалдары
_fСалчак Тока
203 _aТекст
_bвизуальный
_cнепосредственный
210 _aКызыл
_cТываның ном үндүрер чери
_d1971
215 _a215, [1] с., [1] л. портр.
_d17
541 1 _aХайыраканцы
_eКартины реальной жизни
_zrus
_eПовесть
686 1 _aШ6(2=Ту)7-4
700 1 _aТока
_bС. К.
_f1901-1973
_gСалчак Калбакхорекович
852 _aNLR
_bОНЛ
_jТув./2-882
942 _cBOOK
980 _aNB